[Event "Dortmund SuperGM 31st"]
[Site "Dortmund"]
[Date "2003.08.02"]
[Round "3"]
[White "Kramnik, Vladimir"]
[Black "Naiditsch, Arkadij"]
[Result "1/2-1/2"]
[WhiteElo "2785"]
[BlackElo "2574"]
[Annotator "Golod,V"]
[PlyCount "178"]
[EventDate "2003.07.31"]
[EventType "tourn"]
[EventRounds "10"]
[EventCountry "GER"]
[EventCategory "18"]
[SourceTitle "CBM 097"]
[Source "ChessBase"]
[SourceDate "2003.11.11"]
[SourceVersion "1"]
[SourceVersionDate "2003.11.11"]
[SourceQuality "1"]

1. d4 Nf6 2. c4 e6 3. Nc3 Bb4 4. Qc2 O-O 5. a3 Bxc3+ 6. Qxc3 b6 7. Bg5 Bb7 8.
f3 h6 9. Bh4 d5 10. e3 Nbd7 11. cxd5 Nxd5 12. Bxd8 Nxc3 13. Bh4 Nd5 14. Bf2 c5
15. e4 Nf4 $6 {Besides Black has two options:} (15... Ne7 $5 {You can see
annotations to games: Teplitsky,Y-Gershon,A/Bermuda,1999/CBM 69 (1/2-1/2)
(Golod,V)(27) and Gurevich,M-Lutz,C/Essen,2001/CBM 83(1/2-1/2)(Golod,V)(45)}) (
{and} 15... N5f6) 16. Be3 {+/=/= This move leads to quieter game. Now White
can hope only for the minimal advantage.} ({Can it was necessary to decide on
the more active continuation:} 16. Bb5 $5 Rad8 $140 17. Ne2 $1 {You can see
comments to games: Sokolov,I-Hansen,C/Malmo,2001/CBM 84(1-0)(Golod,V)(41) and
Gustafsson,J-Emms,J/Germany,2003/CBM 93(1/2-1/2)(Golod,V)(38)}) 16... Ng6 17.
Rd1 $146 ({The game,which have reached this position were continued as follows:
} 17. Ne2 Rac8 18. Rd1 Rfd8 {and,already here, the contenders is agreed for
draw: Xu Jun-Anand,V/Hyderabad,2002(18)}) 17... cxd4 $1 ({After:} 17... Rfd8
18. Ne2 {[%csl Ye2][%cal Ye2d4] White has an additional opportunity: to take
"Nd4" in future.}) 18. Bxd4 {From this move I shall use also comments of
Grandmaster Sergei Shipov to this game in the site : www.worldchessrating.ru/ 
Further I shall designate comments of grandmaster Sergei Shipov - S.S.} Nde5 ({
S.S."Opening of game by a way:} 18... f5 $2 {here unsuccessfully in view of":}
19. Bc4 {[%csl Gc4,Re6,Rg8]}) 19. Nh3 {Vladimir Kramnik had a choice between
it and another continuation:} (19. Ne2 Nc6 $5 (19... Rfd8 $143 20. Nc3 Nc6 21.
Be3 Rxd1+ 22. Kxd1 Rd8+ 23. Kc1 {+/=/=}) 20. Bc3 Rfd8 $11) 19... Rac8 $5 {
[%csl Rc2][%cal Gc8c2]} 20. Bc3 {[%csl Yc3] It is necessary to take under the
control point "c2".} Rfd8 21. Be2 Rxd1+ 22. Kxd1 Nc4 $1 {[%csl Yb2,Rc3,Gc8,Re3]
[%cal Gc4e3,Gc4a3,Yb2a3,Yb2c3] Differently,White will keep advantage of two
bishops in endgame.} 23. Bxc4 Rxc4 $11 24. Ke2 f6 25. Rd1 {[%csl Rd7,Rd8] <->d}
Rc7 {S.S. "On a board - equality! But, certainly, up to a drawn game still far.
Vladimir,as in anything it happened, continues to struggle. Arkadij continues
to defend a position".} 26. g3 ({Senselessly:} 26. Rd8+ {because of:} Kf7 {
[%csl Rd8][%cal Yg6e7,Ye7c6] /\Ne7-c6 and Black expel or exchange this rook.})
26... Kf7 27. Nf2 Nf8 $5 {[%cal Yc7d7]} ({Is a possible continuation of the
play:} 27... Ne7 $5 {and Black's plan is: Nc6,Bc8 and Rd7<->d.}) 28. Ke3 Rd7
29. Nd3 ({S.S. "On:} 29. Rc1 {Black can play:} e5 $5 {and then Ne6 with easy
game".}) 29... Ba6 $5 {[%csl Rd1,Gd7] This move is compels of White ,early or
late, to exchange the rooks.} ({Now after:} 29... e5 $5 {White has two
possible ways to continue a game:} 30. f4 (30. Bxe5 $5 Rxd3+ 31. Rxd3 fxe5 $13)
30... exf4+ 31. gxf4 Re7 32. e5 $11) 30. f4 {[%csl Ge4,Gf4] S.S."Capture of
space and restriction of the Black's knight".} h5 ({I can not recommended in
this position:} 30... Bxd3 31. Rxd3 $140 Rxd3+ 32. Kxd3 {[%csl Ra7,Rb6][%cal
Gd3c4,Gc4b5]} Nd7 33. Kc4 a6 34. a4 $14) 31. Rd2 Ke8 ({It deserves attention:} 
31... Bb5 {[%csl Yb5][%cal Yb5d7] /\Ng6-e7}) 32. Bb4 Ng6 33. Ne1 Rxd2 34. Kxd2
h4 {S.S." Basically, the correct direction of actions - than is less pawns,
the less problems".} 35. Nf3 hxg3 36. hxg3 Kd7 $138 ({Probably,after:} 36...
Ne7 $6 37. Nd4 $1 Kd7 $140 38. Bxe7 Kxe7 39. Nc6+ Kd6 40. Nxa7 Kc7 41. a4 Kb7
42. Nb5 Bxb5 43. axb5 Kc7 44. e5 $1 {[%csl Yb2] White has a some chances to
win the PP endgame.}) 37. Ke3 Bb7 $11 {Black don't have any clear plan, they
wait and prepare for active actions on the part of White.} 38. Nd2 a5 $2 {
[%csl Ra5,Rb6] Unessential move.Now the contender has an object for attack on
queen side.} (38... Nh8 $2 {[%cal Yh8f7] is refuted by:} 39. Bf8 {[%csl Rf6,
Rg7,Rh8]}) ({It was necessary:} 38... Ne7 $11) 39. Bc3 Ne7 40. Bd4 {White
wants to worsen a location of the Black's knight:} Nc8 {and only then to play:}
41. g4 {S.S. " It is already serious.Black has a weakness on both flanks. I
already have believed in this moment in a future victory of the champion... "}
Ba6 ({Hardly is better:} 41... a4 42. g5 $36 {[%csl Ra4,Rb6,Gd2,Gd4,Rf6,Rg7]})
42. b3 Ke7 43. a4 b5 $1 {S.S. "Here and up to the end of game Arkadij plays in
protection perfectly.The passive defense is already too dangerous:} (43... Kd7
44. g5 Ke7 45. Nc4 Bxc4 46. bxc4 {[%csl Ra5,Rb6,Yc8] and chronic weakness of
pawns of queen side, and also passivity of Black's knight should have an
effect".}) 44. Bc5+ Kd7 45. axb5 Bxb5 46. Bf8 {Differently,Black will withdraw
the knight from point "c8" - Ne7 and will cover a /^a3-f8.} g6 47. Nf3 {
White's idea is: to create of additional weakness in camp of the contender: 48.
Bg7 Ke7 49.g5 (קg6).} Ke8 ({S.S. "Also leads to endgame without pawn":} 47...
Na7 48. Nh4 g5 49. fxg5 fxg5 50. Nf3 Nc6 51. Bg7 {[%csl Rg5,Yg7][%cal Yg7e5,
Gf3g5]} (51. Nxg5 $2 Ne5 $11 {[%csl Rg4]} 52. Kf4 $140 $4 Ng6+ {[%csl Rf4,Rf8]}
)) 48. Bc5 a4 {Black lose of the pawn, but get rid of weakness "Pa5".} 49. Nd4
{[%csl Rb5,Gd4,Re6][%cal Gd4b5,Gd4e6]} Bd7 50. bxa4 Bxa4 ({Unexpectedly at
once loses a game:} 50... e5 $4 51. fxe5 fxe5 {[%csl Rg4]} 52. Nf3 $1 Bxa4 (
52... Bxg4 53. Nxe5 {[%csl Rg4,Rg6][%cal Ga4a5]} Bd7 54. a5 $18 {[%cal Ga5a6,
Ga6a7]}) 53. g5 {[%csl Rg6][%cal Gf3e5,Ge5g6]} Bd1 (53... Bb3 54. Nxe5 Bf7 55.
Kf4 $22) 54. Nxe5 Bh5 55. Kd4 {[%cal Yd4d5,Yd5e6,Ye6f6]} Ne7 $140 56. Bxe7 Kxe7
57. Kd5 $22 $18) 51. Nxe6 $14 Bd7 52. Nc7+ Kf7 53. g5 {[%csl Rg6] S.S. "The
fixing of pawn "g6" - perhaps, sole way to struggle for a victory".} fxg5 54.
fxg5 Ne7 55. Bxe7 {It is sole practical chance to win a game.} Kxe7 {[%csl Re5]
S.S. "On the first sight, this endgame rather difficult for Black. However, it
keeps.For this purpose it is necessary to make many - many exact moves! The
main idea - the struggle for a point "e5". If the White's king can penetrate
on this point, it will be equivalent to a victory".} 56. Nd5+ Kd6 57. Kd4 Be6
58. Nf4 Bf7 59. Nd3 {After some moves,from a hopelessness, Vladimir Kramnik
will be compelled to play: "e5".} Ke6 60. Nc5+ Kd6 61. Nb7+ Kc7 $8 {
Differently,White will occupy a point "e5".} 62. Nc5 Kd6 63. Nd3 Ke6 64. Kc5
Be8 65. Kc4 Bf7 66. Kd4 {[%csl Yd4][%cal Yd4c5,Yc5c4,Yc4d4] S.S. "Triangle of
the king - method of psychological influence on the contender" :)} Kd6 67. Nf4
Be8 68. e5+ {White had no other worthy alternative.} Kc6 $1 {[]} ({Loses a
game right away:} 68... Ke7 $4 69. Kd5 (69. e6 $2 Kd6 $11) 69... Bf7+ 70. e6 {
/\Ke5 and Nd5+ with easy win.}) 69. Ke4 Kc5 {[%csl Yc5][%cal Yc5d5] []} (69...
Kc7 $4 {is refuted by:} 70. Kd5 {[%cal Yd5e6]} Kd7 71. e6+ Ke7 72. Ke5 $18 {
[%cal Gf4d5,Ye5f6]}) 70. Ne6+ Kc4 $1 {Again Black make a only move.} (70... Kc6
$4 71. Ng7 {/\72.e6 and 73.Ke5 +-}) 71. Nc7 ({Immediately leads to drawn game:
} 71. Ng7 Bc6+ 72. Kf4 Kd5 $22 {[%csl Rg7]} 73. Nf5 (73. e6 Kd6 {[%csl Re6]
[%cal Yc6d5]}) 73... gxf5 74. Kxf5 Bd7+ 75. Kf6 Be6 76. g6 Bg8 $11 {[%csl Yd5,
Yg8]}) 71... Bc6+ 72. Kf4 Kc5 $1 {[%csl Yc5][%cal Yc5d6] Again it is necessary
to take under the control point "d6".} 73. Na6+ Kb6 {S.S."Surprisingly, but
fact - to keep a defense on queen side, Black's king should maneuver on the
large space of a board, up to fields c4 and b6.} 74. Nb4 ({S.S."The sacrifice
of knight did not conduct to the purpose":} 74. e6 Kxa6 75. Ke5 Kb6 76. Kf6 Kc5
77. Kxg6 Kd6 78. Kf6 (78. Kf7 Bd5 {[%csl Yd5,Yd6,Re6,Rf7]}) 78... Be8 79. e7
Bh5 $11 {[%csl Yd6,Yh5]}) 74... Be8 75. Ke4 (75. e6 $2 Kc5 {[%cal Yc5d6]} 76.
Nc2 Kd5 $11 {[%csl Re6]}) 75... Bf7 76. Nd3 ({Nothing changes,after:} 76. Kd4
Kb5 77. Nd5 Kc6 78. Nf4 Kd7 {[%csl Yd7,Yf7]}) 76... Kc6 77. Nf4 Kd7 78. Kd4 Ke7
79. Kc5 Kd7 80. Kd4 ({On:} 80. Kb6 {is quite enough for drawn game:} Ba2 81.
Nxg6 $140 Ke6 {[%csl Re5,Ge6,Rg5,Yg6][%cal Ge6f5,Gf5g6,Yg6e5]}) 80... Ke7 81.
Nd5+ Ke6 82. Ke4 Kd7 83. Nf4 Ke7 84. Kd4 Kd7 {S.S. "The defense of Black is
impenetrable!".} 85. e6+ Bxe6 86. Ke5 Bf5 $11 87. Kf6 Ke8 88. Nxg6 Bb1 {
Drawn game is inevitable.} 89. Kg7 Bc2 1/2-1/2

[Event "Dortmund SuperGM 31st"]
[Site "Dortmund"]
[Date "2003.08.09"]
[Round "9"]
[White "Leko, Peter"]
[Black "Kramnik, Vladimir"]
[Result "1/2-1/2"]
[WhiteElo "2739"]
[BlackElo "2785"]
[Annotator "Erenburg,S"]
[PlyCount "42"]
[EventDate "2003.07.31"]
[EventType "tourn"]
[EventRounds "10"]
[EventCountry "GER"]
[EventCategory "18"]
[SourceTitle "CBM 097"]
[Source "ChessBase"]
[SourceDate "2003.11.11"]
[SourceVersion "1"]
[SourceVersionDate "2003.11.11"]
[SourceQuality "1"]

1. e4 c5 2. Nf3 Nc6 3. Nc3 e5 {Some black players prefer this continuation to}
(3... Nf6 {, because of} 4. Bb5) 4. Bc4 d6 5. d3 Be7 6. Nd2 {White decides to
transfer the knight to e3 via f1 immediately, while there is another
theoretical line:} (6. O-O) 6... Nf6 7. Nf1 Nd7 ({In my opinion, more
principal is} 7... Bg4 8. f3 Be6 9. Ne3 O-O 10. O-O Rb8 (10... Nd7 11. Ncd5 (
11. Ned5 Nb6 12. Nxb6 Qxb6 13. Nd5 Bxd5 14. Bxd5 Nb4 15. Bc4 Rad8 16. f4 exf4
17. Rxf4 d5 18. exd5 Nxd5 19. Rf5 {1-0 Kasparov,G-Babula,V/Prague 2001/ (54)})
(11. g3 Nb6 12. Ncd5 (12. f4 Nxc4 13. dxc4 exf4 14. gxf4 f5 15. exf5 Bc8 16.
Ncd5 Nd4 17. b3 Nxf5 18. Bb2 Nxe3 19. Nxe3 Bf6 {1/2-1/2 Svidler,P-Lautier,J/
Biel 2001/ (25)}) 12... Nxc4 13. dxc4 g6 14. Bd2 f5 15. exf5 gxf5 16. f4 Bf6
17. Qh5 Qd7 18. Nxf6+ Rxf6 19. fxe5 dxe5 20. Ng4 fxg4 21. Rxf6 Qxd2 22. Rxe6
Qe3+ 23. Kh1 Qe4+ 24. Kg1 Qe3+ 25. Kh1 {1/2-1/2 Grischuk,A-Nedev,T/Panormo
2001/ (25)}) 11... Nb6 12. Nxb6 axb6 13. Nd5 Na5 14. a4 Nxc4 15. dxc4 Bd7 16.
Nc3 Bc6 17. Qd3 Qd7 18. b3 Rae8 19. Be3 Kh8 20. Rad1 Qe6 21. Nd5 {1-0 Hracek,
Z-Antic,D/Herceg Novi 2001/ (38)}) 11. a3 Nd7 12. g3 Nb6 13. Ba2 Bg5 14. f4
exf4 15. gxf4 Bf6 16. Kh1 Bxc3 17. bxc3 Bxa2 18. Rxa2 d5 {0-1 Kutuzovic,
B-Shariyazdanov,A/Zadar 1998/ (40)}) 8. Nd5 Nb6 9. Nxb6 {Other moves don't
promise anything special:} (9. Nfe3 Nxc4 10. Nxc4 Be6 $11) (9. Nxe7 Qxe7 10.
Bb3 Nd4 $11) 9... axb6 (9... Qxb6 10. Ne3 $14) 10. c3 {covering the d4 square.}
O-O 11. Ne3 Bg5 {It is important to change the dark-squared bishop.} 12. O-O
Bxe3 {Black changes his dark-squared bishop, as his pawns are located on the
dark squares. So after this exchange, black will remain with good
light-squared one, which, probably, he will succeed to trade for white's one.
Thus, he will not allows white to get the advantage of pair of bishops. Other
logical possibilities are:} (12... Kh8 {0-1 Anand,V-Ivanchuk,V/Moscow 2001/CBM
86/[Ftacnik] (42)}) (12... Be6 $5 13. Bb3 (13. Bd5 Bxd5 14. exd5 Ne7 15. c4 b5
$11) 13... Re8 $13) 13. Bxe3 Qe7 {preparing the trade of light-squared bishops
on e6. While immediate} (13... Be6 {gives white good chances to get an edge:}
14. a3 (14. Bxe6 $5 fxe6 15. Qb3 d5 (15... Re8 16. f4 $14) 16. f4 $14) 14...
Qd7 15. Qb3 Bxc4 16. Qxc4 Kh8 17. Qb5 Ra6 18. d4 Qe7 19. dxc5 (19. d5 $5 Nb8
20. b4 $16) 19... bxc5 20. b4 $14 {1/2-1/2 Kurnosov,I-Smirnov,P/56th ch-RUS,
Krasnoyarsk RUS 2003 (94)}) 14. f4 {This breakthrough is the only white's plan
of developing the initiative. He is going to open the game, using the fact,
that he has a pair of bishops.} exf4 $1 ({It is dangerous to play} 14... Be6 {
, due to} 15. f5 $1 Bxc4 16. f6 $5 (16. dxc4 $16 {[%csl Rb6,Rd6][%cal Yd1b3,
Gb3b6,Gd1d6,Gf5f6] and black's pawn on the queenside are fixed and weak.})
16... Qe6 $1 (16... gxf6 17. dxc4 $16) 17. Qh5 {[%cal Gh5g5]} (17. dxc4 $5)
17... gxf6 18. dxc4 Kh8 19. Qh4 $14) 15. Bxf4 Be6 16. Bxe6 Qxe6 $1 {covering
the b3 square and preparing d6-d5.} (16... fxe6 {looks logically, but after}
17. Qb3 {black faces serious problems with defending of all his weaknesses}) {
According to a well-known fact, rook and bishop cooperate better, than rook
and knight. Therefore, white goes on the trade of queens.} 17. Qb3 Qxb3 18.
axb3 Rad8 19. Bg3 {opening the "f" line for a rook.} Rd7 {Black prepares to
provide the breakthorugh d6-d5, which will equlize the chances of the
opponents.} (19... d5 $2 20. Bc7) 20. Rf5 Rfd8 ({Interesting was} 20... Ne7 21.
Rf3 d5 22. exd5 Nxd5 23. b4 cxb4 24. c4 Ne7 25. Re1 Nc6 26. Rfe3 f6 $13) 21. b4
{White has to do somethinng active before black solves all his problems with
d6-d5. The transfer of the king to the center was too slow, and didn't promise
anything:} (21. Kf2 Ne7 22. Rf3 d5 23. exd5 (23. e5 d4 $1) 23... Nxd5 $11)
21... Ne7 $1 {The following variations can explain why the opponents agreed
for a draw:} (21... Ne7 22. Rf3 cxb4 (22... d5 23. exd5 Nxd5 24. Bf2 $14) 23.
c4 (23. Bf2 bxc3 24. bxc3 b5 $11 {[%cal Gd6d5]}) 23... Nc6 24. Rf5 Ne5 25. Rd1
f6 26. b3 b5 $11 27. d4 $140 $2 bxc4 $1 28. dxe5 dxe5 29. Rxd7 Rxd7 $17) (21...
cxb4 22. Rd5 $1 (22. Rb5 bxc3 23. bxc3 d5 24. exd5 Rxd5 25. Rxd5 Rxd5 26. Ra8+
Rd8 27. Rxd8+ Nxd8 28. c4 (28. Bc7 Ne6 29. Bxb6 Nf4) 28... Nc6 29. Kf2 $14 b5
30. cxb5 Nd4 31. b6 Kf8) 22... bxc3 (22... f6 23. c4 {[%cal Yg3f2]}) 23. bxc3
f6 24. Rb1 Ne7 25. Rdb5 d5 26. Rxb6 dxe4 27. dxe4 Rd1+ 28. Rxd1 Rxd1+ 29. Kf2
Rd7 30. c4 $14) 1/2-1/2

[Event "Dortmund SuperGM 31st"]
[Site "Dortmund"]
[Date "2003.08.10"]
[Round "10"]
[White "Kramnik, Vladimir"]
[Black "Bologan, Viktor"]
[Result "1/2-1/2"]
[WhiteElo "2785"]
[BlackElo "2650"]
[Annotator "Golod,V"]
[PlyCount "75"]
[EventDate "2003.07.31"]
[EventType "tourn"]
[EventRounds "10"]
[EventCountry "GER"]
[EventCategory "18"]
[SourceTitle "CBM 097"]
[Source "ChessBase"]
[SourceDate "2003.11.11"]
[SourceVersion "1"]
[SourceVersionDate "2003.11.11"]
[SourceQuality "1"]

{[%mdl 2] For a victory in Dortmund 2003, Vladimir Kramnik should necessarily
win this game.In cases of Black's win or drawn game Viorel Bologan became the
winner of tournament.} 1. d4 Nf6 2. c4 e6 3. Nc3 Bb4 4. Qc2 O-O 5. a3 Bxc3+ 6.
Qxc3 b6 7. Bg5 Bb7 8. e3 d6 9. Ne2 c5 $146 {Novelty on the early stage of the
game! Black's idea is very simple: to exchange the pawns on point "d4" on next
move (this idea has no the special sense,after 10.Rd1) and also to not define
a position of Nb8.} (9... Nbd7 $5 {It's main line. You can see comments to
Kacheishvili,G-Polgar,J/Batumi,1999/CBM 74(0-1)(Golod,V)(33)}) 10. dxc5 $5 {
Probably,it's most basic continuation.} ({After:} 10. Rd1 Qe7 (10... Ne4 $2 {
is refuted by:} 11. Bxd8 Nxc3 12. Nxc3 cxd4 (12... Rxd8 $142 13. dxc5 bxc5 14.
Nb5 $16 {[%csl Rc7,Rd6][%cal Gb5c7,Gb5d6]}) 13. Be7 (13. Rxd4 $143 Rxd8 14. Nb5
d5 $1 {[%cal Gb8c6]}) 13... dxc3 14. Bxf8 Kxf8 15. b3 $16 {[%csl Rc3][%cal
Gd1c1]}) 11. dxc5 dxc5 {White have lost the opportunities to make castle in
the long party.}) 10... dxc5 ({It was dubiously:} 10... bxc5 {because of:} 11.
Rd1 {[%csl Gc3,Gd1,Rd6,Rf6,Gg5]}) 11. Qc2 {[%csl Yc3][%cal Ge2c3] The queen
concedes the her place to the knight.} h6 {Preventive move.It is rather
difficult to continue a game without this move.} 12. Bh4 Qe7 $5 13. O-O-O $140
Rd8 {<->d Black can not create threats to the White's king, and consequently
Viorel Bologan prefers to exchange a rooks.} 14. Rxd8+ Qxd8 15. Nc3 $14 {
[%csl Yf1,Gh4] White has a more preferable position,at the expense of
advantage of two bishops.} Nbd7 16. f3 Ne5 {Black's idea is: Ng6 with the
purpose to remove the bishop from a diagonal "d8-h4".} 17. Bg3 Nc6 {Already
there is no sense to play "Ng6", because the B has left from a /^d8-h4.} 18.
Be2 Qe7 19. Bh4 $5 {[%csl Rg8][%cal Gg2g4] White's idea is: g4 (capture of
space and preparation for attack on the Black's king).} Ne5 {[%csl Yb7,Ye5,Rf3]
Black, in turn, prevent progress "g4".} 20. Rd1 Rd8 21. Nb5 $5 {White's knight
provokes movements of pawn "a7" with the purpose to create of weakness in camp
of the contender.} Nc6 (21... Rxd1+ $6 22. Qxd1 {[%csl Ra7,Rd6]}) 22. Rf1 ({
It deserves attention:} 22. Rxd8+ Qxd8 $140 23. Qd2 Qxd2+ 24. Kxd2 $14 {
with obvious positional advantage in endgame.}) 22... g5 $5 {Viorel does not
want to think only about defence,he searches a counterplay.} 23. Bg3 (23. Bf2
$5 {[%cal Gh2h4]}) 23... Nh5 24. Bf2 Ng7 {[%csl Yg7][%cal Gf7f5] Here Black's
knight reliably covers the king and also opens a road for Pf7.} 25. Rd1 f5 26.
Qa4 Rxd1+ {Black fairly do not want to move the Pa7:} (26... a6 $6 27. Nc3 {
[%csl Rb6] /\Qb3,Na4(קb6)}) 27. Qxd1 {[%csl Rd6]} Ne8 {[%csl Ye7,Ye8][%cal
Ye8d6,Ye7d6] The game of Black corresponds to the requirements of a position.}
28. h4 Kg7 29. Kb1 ({Can be recommended:} 29. hxg5 hxg5 $140 30. Qh1 {<->h ; /
\Qh5 or Qh2} Nf6 (30... Qf7 $143 {[%csl Yf7][%cal Yf7h5]} 31. Qh2 {[%csl Yf2]
[%cal Yf2e1,Ye1c3]} a6 {קb6} 32. Nc3 Qf6 33. Na4 Qd8 34. Bg3 $1 {+/=/+/-}) 31.
Qh2 e5 32. Qg3 {[%csl Rg5,Rg7]} Kg6 $14) 29... e5 30. hxg5 hxg5 31. Ka1 $6 ({
From my point of view,it was much better:} 31. Nc3 Nf6 32. Nd5 Qd6 33. Qc2 {
[%csl Rf5]}) ({or} 31. Be1 $5 {and White's plan is: Nc3-d5 and Bc3 (/^a1-h8)})
31... Bc8 $1 {Chess Express #53: "Bologan has time to reposition his bishop
with Bb7-c8-e6,which strengthens the king side and attacks c4".} 32. g3 {
[%cal Gf3f4]} Be6 33. f4 {And nevertheless it was not necessary to hasten with
this move:} (33. Nc3 $5 {/\Nd5 +/=/=}) 33... Qd7 34. Qxd7+ ({Leads to more
complex game:} 34. Qc2 g4 35. Be1 a6 36. Nc3 Nf6 $13) 34... Bxd7 35. Be1 Nf6 $1
$11 {[%csl Re4,Yf6][%cal Yf6e4] It is necessary to improve an location of the
knight.} 36. fxe5 Ne4 37. b3 Nxe5 38. Nc3 {It was last move in the game. I
join to numerous congratulations to Viorel Bologan with a brilliant victory in
Dortmund 2003!} (38. Nxa7 $2 {is refuted by:} g4 $17 {[%csl Ye1,Ge4,Ge5,Rg3]
[%cal Ge5f3,Gf3e1,Ye1g3]}) ({After:} 38. Nc3 {the contenders is agreed for
draw, because of next variants:} Bc6 39. Nxe4 Bxe4 40. Bc3 Kf6 41. Kb2 Ke6 42.
Kc1 $11) 1/2-1/2